| 000 | 01471pam a22003374a 4500 | ||
|---|---|---|---|
| 005 | 20260322212056.0 | ||
| 008 | data | ||
| 010 | _a 2003018922 | ||
| 020 | _a9780787969219 | ||
| 020 | _a0787969214 | ||
| 040 |
_aDNLM _cDNLM |
||
| 041 | 0 | 9 | _aeng |
| 042 | _apcc | ||
| 044 | _9United States | ||
| 060 | 1 | 0 |
_aW 84 AA1 _bD626q 2004 |
| 100 | 1 |
_aDlugacz, Yosef D., _d1947- |
|
| 245 | 1 | 4 |
_aThe quality handbook for health care organizations : _ba manager's guide to tools and programs / _cYosef D. Dlugacz, Andrea Restifo & Alice Greenwood. |
| 250 | _a1st ed. | ||
| 260 |
_aSan Francisco, CA : _bJossey-Bass, _cc2004. |
||
| 300 |
_axxvii, 256 p. : _bill. |
||
| 504 | _aIncludes bibliographical references (p. 245-247) and index. | ||
| 505 | 0 | _aThe role of the manager -- Managing quality -- Information and prioritization -- Managing quality data -- Using quality tools and statistical methods for data analysis -- Translating information into action -- Working with guidelines -- Communication and accountability -- To err is indeed human -- Working together. | |
| 650 | 1 | 2 |
_aQuality Assurance, Health Care _xorganization & administration _zUnited States |
| 650 | 2 | 2 |
_aData Collection _xmethods _zUnited States |
| 650 | 2 | 2 |
_aData Interpretation, Statistical _zUnited States |
| 650 | 2 | 2 |
_aQuality Indicators, Health Care _zUnited States |
| 650 | 2 | 2 |
_aCritical Pathways _zUnited States |
| 700 | 1 |
_aRestifo, Andrea, _d1965- |
|
| 700 | 1 | _aGreenwood, Alice. | |
| 001 | data | ||
| 999 |
_c1344 _d1344 |
||